Banderas que contienen armas - Estadísticas

Estadísticas generales
  • Esta prueba ha sido intentada 22 veces
  • La puntuación promedio es 6 de 15
Estadísticas de respuestas
# PAÍSES % Correcto
6 Mozambique
90%
13 Angola
67%
14 Haití
62%
12 Arabia Saudita
48%
11 Belice
48%
4 Ecuador
43%
5 Esuatini
43%
10 Kenia
38%
7 Guatemala
29%
15 Irán
29%
3 Oman
29%
8 República dominicana
29%
1 Sri Lanka
14%
9 Barbados
10%
2 Malta
5%
No se encontraron pruebas coincidentes
Distribución de puntuación
Porcentaje de gente con cada puntuación
Porcentaje por número respondido
Historial de tus puntuaciones
No has intentado esta prueba.